01015nam a2200265 a 450000100100000000500170001000800410002704000250006804100080009308200240010110000350012524500530016024600450021325000120025826000360027030000260030650400320033254600130036459000260037765100420040391000380044595201220048395201270060599900170073200002652020200930030251.0110114s1988 dr ab 001 0 eng d aDO-SdBNPbspacBNPHU172eng a972.93bR776d, 19881 aRood, Carlton Alexander94905110aA dominican chronicle /cCarlton Alexander Rood.23aHistory of Hispaniola/Dominican Republic a3a. ed. aSanto Domingo :bTaller,c1988. a210 p. :bil. ; mapa. aBibliografía: p. 205-206. aInglés aInventariado, 2020/BT 4aRepública DominicanaxHistoria9170 aValidado. Control de calidad EMS. 0010718PDaPDbPDcHDd2011-03-22iLF1l0o972.93 R776d, 1988p26520-10r2020-06-25w2020-06-25yLFPDZNo se presta 0010718PDaPDbPDcHDd2014-02-19iLF1l0o972.93 R776d, 1988p26520-20r2020-06-25te.2w2020-06-25yLFPDZNo se presta c26012d26012